| 000 -LEADER |
| fixed length control field |
02635cam a22002778i 4500 |
| 008 - FIXED-LENGTH DATA ELEMENTS--GENERAL INFORMATION |
| fixed length control field |
200514s2020 ii b 001 0 eng |
| 020 ## - INTERNATIONAL STANDARD BOOK NUMBER |
| International Standard Book Number |
9780815357124 |
| Terms of availability |
GBP 96.00 |
| 041 0# - LANGUAGE CODE |
| Language code of text/sound track or separate title |
eng |
| 082 00 - DEWEY DECIMAL CLASSIFICATION NUMBER |
| Edition number |
23 |
| Classification number |
532 |
| Item number |
A5451 |
| 245 10 - TITLE STATEMENT |
| Title |
Computational fluid mechanics and heat transfer / |
| 250 ## - EDITION STATEMENT |
| Edition statement |
4th ed. |
| 260 ## - PUBLICATION, DISTRIBUTION, ETC. (IMPRINT) |
| Place of publication, distribution, etc |
Boca Raton, |
| Name of publisher, distributor, etc |
CRC press, |
| Date of publication, distribution, etc |
2021. |
| 300 ## - PHYSICAL DESCRIPTION |
| Extent |
xxviii, 946 p. : |
| Other physical details |
ill., |
| Dimensions |
27 cm |
| 490 0# - SERIES STATEMENT |
| Series statement |
Computational and physical processes in mechanics and thermal sciences |
| 504 ## - BIBLIOGRAPHY, ETC. NOTE |
| Bibliography, etc |
Includes bibliographical references and index. |
| 505 0# - FORMATTED CONTENTS NOTE |
| Formatted contents note |
Part I: Fundamentals. 1. Introduction. 2. Partial Differential Equations. 3. Basics of Discretization Methods. 4. Application of Numerical Methods to Selected Model Equations. Part II: Application of Numerical Methods to the Equations of Fluid Mechanics and Heat Transfer. 5. Governing Equations of Fluid Mechanics and Heat Transfer. 6. Numerical Methods for Inviscid Flow Equations. 7. Numerical Methods for Boundary-Layer-Type Equations. 8. Numerical Methods for the "Parabolized" Navier–Stokes Equations. 9. Numerical Methods for the Navier–Stokes Equations. 10. Grid Generation. |
| 520 ## - SUMMARY, ETC. |
| Summary, etc |
Computational Fluid Mechanics and Heat Transfer, Fourth Edition is a fully updated version of the classic text on finite-difference and finite-volume computational methods. Divided into two parts, the text covers essential concepts in the first part, and then moves on to fluids equations in the second. Designed as a valuable resource for practitioners and students, new examples and homework problems have been added to further enhance the student’s understanding of the fundamentals and applications.<br/><br/>Provides a thoroughly updated presentation of CFD and computational heat transfer<br/>Covers more material than other texts, organized for classroom instruction and self-study<br/>Presents a wide range of computation strategies for fluid flow and heat transfer<br/>Includes new sections on finite element methods, computational heat transfer, and multiphase flows <br/>Features a full Solutions Manual and Figure Slides for classroom projection<br/>Written as an introductory text for advanced undergraduates and first-year graduate students, the new edition provides the background necessary for solving complex problems in fluid mechanics and heat transfer. |
| 650 #0 - SUBJECT ADDED ENTRY--TOPICAL TERM |
| Topical term or geographic name as entry element |
Fluid mechanics. |
|
| Topical term or geographic name as entry element |
Heat |
| General subdivision |
Transmission. |
| 700 ## - ADDED ENTRY--PERSONAL NAME |
| Personal name |
Anderson, Dale A. |
| 9 (RLIN) |
5538 |
|
| Personal name |
Tannehill, John C. |
| 9 (RLIN) |
5539 |
|
| Personal name |
Pletcher, Richard H., |
| Relator term |
author. |
|
| Personal name |
Munipalli, Ramakanth |
| 9 (RLIN) |
5540 |
|
| Personal name |
Shankar, Vijaya |
| 9 (RLIN) |
5541 |
| 942 ## - ADDED ENTRY ELEMENTS (KOHA) |
| Item type |
Books |